000 00625nam a2200241 a 4500
001 nice12345678
003 IN_TiNIC
005 20260116011407.0
008 050524s1969 beia grp 000 0 eng
020 _a
_c0
082 0 0 _a269.2
_bJOY
100 _aJoycee, Raymond
245 _aMessage to Islam Report of Study Conf.
260 _aBeirut, Lebanon
_bMuslim World Evangelical Lit. Service
_c1969
300 _a80p
500 _aincludes index and biblioraphy
505 2 _aBibliography, Index
650 _aEvangelistic Work
700 1 _aJoycee, Raymond
902 _bSRS
942 _cBK
999 _c1128
_d1128